AIDS in India : (Record no. 7833)

MARC details
000 -LEADER
fixed length control field 02194cam a2200505 i 4500
001 - CONTROL NUMBER
control field 19436476
003 - CONTROL NUMBER IDENTIFIER
control field GBCCL
005 - DATE AND TIME OF LATEST TRANSACTION
control field 20241126110637.0
008 - FIXED-LENGTH DATA ELEMENTS--GENERAL INFORMATION
fixed length control field 141008s2011 ii a b 000 0 eng d
010 ## -
-- 2016362593
020 ## - INTERNATIONAL STANDARD BOOK NUMBER
International Standard Book Number 9789380548166
020 ## - INTERNATIONAL STANDARD BOOK NUMBER
International Standard Book Number 9380548168
025 ## - OVERSEAS ACQUISITION NUMBER
Overseas acquisition number I-E-2016362593
035 ## - SYSTEM CONTROL NUMBER
System control number (OCoLC)ocn893309510
035 ## - SYSTEM CONTROL NUMBER
System control number (OCoLC)893309510
037 ## - SOURCE OF ACQUISITION
Source of stock number/acquisition Library of Congress -- New Delhi Overseas Office
040 ## - CATALOGING SOURCE
Original cataloging agency DKAGE
Language of cataloging eng
Description conventions rda
Transcribing agency DKAGE
Modifying agency OCLCQ
-- DLC
042 ## -
-- lccopycat
-- lcode
043 ## -
-- a-ii---
050 00 -
-- BV4460.7
-- .S26 2011
082 04 - DEWEY DECIMAL CLASSIFICATION NUMBER
Classification number 261.83219
-- 261.8321969792
Edition information 23
Item number SAM
100 1# - MAIN ENTRY--PERSONAL NAME
Personal name Samraj, S.,
Relator term author.
9 (RLIN) 13682
245 10 - TITLE STATEMENT
Title AIDS in India :
Remainder of title who cares anyway? : the lasting decisions : Christian handbook on HIV and AIDS in Indian context /
Statement of responsibility, etc. S. Samraj, Anita David, Lavanya & Sujay Suneetha.
264 #1 - PRODUCTION, PUBLICATION, DISTRIBUTION, MANUFACTURE, AND COPYRIGHT NOTICE
Place of production, publication, distribution, manufacture New Delhi :
Name of producer, publisher, distributor, manufacturer Christian AIDS/HIV National Alliance ;
Place of production, publication, distribution, manufacture Bangalore :
Name of producer, publisher, distributor, manufacturer Centre for Contemporary Christianity,
Date of production, publication, distribution, manufacture, or copyright notice 2011.
300 ## - PHYSICAL DESCRIPTION
Extent xi, 215 pages :
Other physical details illustrations (black and white) ;
Dimensions 22 cm.
336 ## - CONTENT TYPE
Content type term text
Content type code txt
Source rdacontent
337 ## - MEDIA TYPE
Media type term unmediated
Media type code n
Source rdamedia
338 ## - CARRIER TYPE
Carrier type term volume
Carrier type code nc
Source rdacarrier
490 1# - SERIES STATEMENT
Series statement Studies in the gospel interface with Indian contexts ;
Volume/sequential designation 14
504 ## - BIBLIOGRAPHY, ETC. NOTE
Bibliography, etc. note Includes bibliographical references (pages 199-204).
650 #0 - SUBJECT ADDED ENTRY--TOPICAL TERM
Topical term or geographic name entry element AIDS (Disease)
General subdivision Prevention
-- Religious aspects
-- Christianity.
9 (RLIN) 13683
650 #0 - SUBJECT ADDED ENTRY--TOPICAL TERM
Topical term or geographic name entry element HIV infections
General subdivision Prevention
-- Religious aspects
-- Christianity.
9 (RLIN) 13684
650 #0 - SUBJECT ADDED ENTRY--TOPICAL TERM
Topical term or geographic name entry element AIDS (Disease)
General subdivision Patients
-- Care
Geographic subdivision India.
9 (RLIN) 13685
650 #0 - SUBJECT ADDED ENTRY--TOPICAL TERM
Topical term or geographic name entry element HIV-positive persons
General subdivision Care
Geographic subdivision India.
9 (RLIN) 13686
650 #0 - SUBJECT ADDED ENTRY--TOPICAL TERM
Topical term or geographic name entry element Care of the sick
General subdivision Religious aspects
-- Christianity.
9 (RLIN) 13687
700 1# - ADDED ENTRY--PERSONAL NAME
Personal name David, Anita,
Relator term author.
9 (RLIN) 13688
700 1# - ADDED ENTRY--PERSONAL NAME
Personal name Suneetha, Lavanya,
Relator term author.
9 (RLIN) 13689
700 1# - ADDED ENTRY--PERSONAL NAME
Personal name Suneetha, Sujay,
Relator term author.
9 (RLIN) 13690
710 2# - ADDED ENTRY--CORPORATE NAME
Corporate name or jurisdiction name as entry element Christian AIDS/HIV National Alliance,
Relator term issuing body.
9 (RLIN) 13691
710 2# - ADDED ENTRY--CORPORATE NAME
Corporate name or jurisdiction name as entry element Centre for Contemporary Christianity (Bangalore, India),
Relator term issuing body.
9 (RLIN) 1301
830 #0 -
-- Studies in the gospel interface with Indian contexts ;
-- 14.
-- 1321
906 ## - LOCAL DATA ELEMENT F, LDF (RLIN)
a 7
b cbc
c copycat
d 3
e ncip
f 20
g y-gencatlg
942 ## - ADDED ENTRY ELEMENTS (KOHA)
Source of classification or shelving scheme Dewey Decimal Classification
Koha item type Books
Koha issues (borrowed), all copies 4
Holdings
Withdrawn status Lost status Source of classification or shelving scheme Damaged status Not for loan Home library Current Library Shelving location Date acquired Total checkouts Total renewals Full call number Barcode Date last seen Date last checked out Copy number Price effective from Koha item type
    Dewey Decimal Classification     GRACE BIBLE COLLEGE GRACE BIBLE COLLEGE Ministry & Mission 2018-10-09 4 1 261.83219 SAM 013975 2025-05-01 2019-03-15 c.1 2018-10-09 Books
© Grace Bible College Library 2025